000
00277pam a2200109a 44500
008
230405s2011 xxu||||| |||| 00| 0 eng d
041
_a
ENG
100
_a
Dr nair & Ms Bhutani
245
_a
Origanizational Behaviour
260
_a
_b
Abhishek Publications
_c
2011
906
_a
16890
999
_c
307389
_d
307389